|
|
|
|
| LEADER |
00000cam a2200000 a 4500 |
| 001 |
vtls011634412 |
| 003 |
SK-MaSNL |
| 005 |
20260302020420.0 |
| 008 |
251112 1793 gw a 000 0 fre |
| 015 |
|
|
|a SNBHFA1793
|
| 020 |
|
|
|q (viaz.)
|
| 035 |
|
|
|a urn:nbn:sk:snk-am00cst4
|
| 035 |
|
|
|a urn:nbn:sk:snk-am3hura
|
| 035 |
|
|
|a 535F2BB6-AED4-4741-A7FB-6AC3F4598A94
|
| 040 |
|
|
|a SNK
|b slo
|c SNK
|e AACR2
|
| 041 |
0 |
|
|a fre
|a ger
|
| 044 |
|
|
|a gw
|c DE
|
| 072 |
|
7 |
|a 81
|x Lingvistika. Jazyky.
|2 konspekt
|
| 072 |
|
7 |
|a 811.133.1
|x Francúzština
|2 konspekt
|
| 072 |
|
7 |
|a 811.112.2
|x Nemčina
|2 konspekt
|
| 080 |
|
|
|a (038)
|2 2011
|
| 080 |
|
|
|a 811.124
|2 2011
|
| 080 |
|
|
|a 811.112.2
|2 2011
|
| 100 |
1 |
|
|a La Veaux, M. de
|4 aut
|9 661782
|
| 245 |
1 |
0 |
|a Dictionnaire François-Allemand Et Allemand-François
|b A L'Usage Des Deux Nations Redigé Par Une Societe De Gens De Lettres
|n Tome I.
|p Premiére Livraison A-E Formant La Partie Francoise Expliqwuée Par L'Allemmand Composée Selon Le Dictionnaire De L'Académie Et Le Catholicon De M. Schmidlin
|c Par M. De La Veaux
|
| 250 |
|
|
|a Quatriéme Édition Augmentée De Plusieurs Articles Revus
|
| 260 |
|
|
|a A Berlin
|b Chez Arnold Wever, Marchand-Libraire
|c MDCCXCIII [=1793]
|
| 300 |
|
|
|a [6], 1683, [1] s.
|c 22 cm
|
| 500 |
|
|
|a Frontispice, predslov v nemčine, dvojstĺpcová tlač, kustody
|
| 561 |
|
|
|a Z knižnice Učenej spoločnosti malohontskej.
|5 SNK IC 143464/1
|
| 650 |
0 |
7 |
|a francúzština
|2 SNKPH
|9 1355
|
| 650 |
0 |
7 |
|a nemčina
|2 SNKPH
|9 1384
|
| 655 |
|
7 |
|a slovníky
|2 SNKPH
|9 70413
|
| 710 |
0 |
|
|a Wever, Arnold (Berlín, Nemecko)
|4 prt
|9 661783
|
| 710 |
2 |
|
|a Učená spoločnosť malohontská
|4 fmo
|9 205374
|
| 752 |
|
|
|a Nemecko
|d Berlín
|
| 852 |
|
|
|a snk
|b Historické fondy
|p IC 143464/1
|
| 958 |
|
|
|a ONDV
|
| 999 |
|
|
|c 1025021
|d 1026951
|
| 952 |
|
|
|t MHC I.F. 7
|a SNK
|b SNK
|c SNK_HF
|y PREZ
|7 0
|p 17A1130309
|o snkIC 143464/1
|i snk2017/13092
|8 5
|0 0
|1 0
|4 0
|d 2017-06-05
|f 1
|l 0
|r 2026-02-24 13:36:15
|w 2026-02-24
|